| 000 -CABECERA |
| campo de control de longitud fija |
01206nam a2200289 a 4500 |
| 001 - NÚMERO DE CONTROL |
| campo de control |
000035821 |
| 005 - FECHA Y HORA DE LA ÚLTIMA TRANSACCIÓN |
| campo de control |
20200120222244.0 |
| 008 - DATOS DE LONGITUD FIJA--INFORMACIÓN GENERAL |
| campo de control de longitud fija |
090707s2008 col0 gr0 0 000 d |
| 020 ## - NÚMERO INTERNACIONAL ESTÁNDAR DEL LIBRO |
| Número Internacional Estándar del Libro |
9789584503480 |
| 090 ## - LOCALMENTE ASIGNADO TIPO-LC NÚMERO DE CLASIFICACIÓN (OCLC); NÚMERO DE CLASIFICACIÓN LOCAL (RLIN) |
| Número de clasificación (OCLC) (R) ; Numero de clasificación, CALL (RLIN) (NR) |
AN |
| Número cutter local (OCLC) ; Número de libro/Signatura topográfica íntegra, CALL (RLIN) |
GARc.1 |
| 100 0# - ENTRADA PRINCIPAL--NOMBRE DE PERSONA |
| Nombre de persona |
García Márquez, Gabriel |
| 245 13 - MENCIÓN DE TÍTULO |
| Título |
El coronel no tiene quien le escriba / |
| Mención de responsabilidad, etc. |
Gabriel García Márquez. |
| 260 ## - PUBLICACIÓN, DISTRIBUCIÓN, ETC. |
| Lugar de publicación, distribución, etc. |
Bogotá : |
| Nombre del editor, distribuidor, etc. |
Norma, |
| Fecha de publicación, distribución, etc. |
2008. |
| 300 ## - DESCRIPCIÓN FÍSICA |
| Extensión |
79 p. |
| 490 #0 - MENCIÓN DE SERIE |
| Mención de serie |
Verticales de bolsillo : biblioteca García Márquez |
| 500 ## - NOTA GENERAL |
| Nota general |
Sin inventario, esté título pertenece a la Biblioteca Ceic Norte |
| 500 ## - NOTA GENERAL |
| Nota general |
Ej : 1,2 de Biblioteca Mosquera ISBN : 9789585710368 |
| 500 ## - NOTA GENERAL |
| Nota general |
Ej : 1 de Biblioteca Chicalá ISBN : 9789585710368. Norma 2012. |
| 500 ## - NOTA GENERAL |
| Nota general |
Ej : 1 de Centro de Documentación en Salúd ISBN : 9789585710368. Norma 2012. |
| 500 ## - NOTA GENERAL |
| Nota general |
Ej : 1 de CSC Usaquén ISBN : 9789585710368. Norma 2012. |
| 500 ## - NOTA GENERAL |
| Nota general |
Ej : 1 de CSC Funza ISBN : 9789585710368. Norma 2012. |
| 500 ## - NOTA GENERAL |
| Nota general |
Ej: 1 de Calle 63 ISBN : 9789585710368. Norma 2012. |
| 500 ## - NOTA GENERAL |
| Nota general |
Ej: 1 deBiblioteca Ciudadela ISBN : 9789585710368. Norma 2012. |
| 650 14 - PUNTO DE ACCESO ADICIONAL DE MATERIA--TÉRMINO DE MATERIA |
| Término de materia o nombre geográfico como elemento de entrada |
Novela colombiana. |
| 650 14 - PUNTO DE ACCESO ADICIONAL DE MATERIA--TÉRMINO DE MATERIA |
| Término de materia o nombre geográfico como elemento de entrada |
Literatura colombiana. |
| 901 ## - ELEMENTOS DE DATOS A LOCAL LDA (RLIN) |
| a |
Compra, Norma; $19.900, 2008 |